| Tag |
First Indicator |
Second Indicator |
Subfields |
| LEADER |
00000cem a2200000 a 4500 |
| 001 |
in00000830213 |
| 005 |
20151019050351.0 |
| 008 |
821101s1982 dcu a f 0 eng d |
| 010 |
|
|
|a gp 83003183
|
| 034 |
1 |
|
|a a
|b 100000
|
| 035 |
|
|
|a (OCoLC)08933622
|
| 035 |
|
|
|9 ADY4352AM
|
| 040 |
|
|
|a GPO
|c GPO
|d UtOrBLW
|
| 052 |
|
|
|a 3922
|
| 074 |
|
|
|a 651-A
|
| 086 |
0 |
|
|a I 29.8:C 39
|
| 110 |
1 |
|
|a United States.
|b National Park Service.
|
| 245 |
1 |
0 |
|a Chattahoochee River National Recreation Area, Georgia /
|c National Park Service, U.S. Department of the Interior.
|
| 255 |
|
|
|a Scale [ca. 1:100,000].
|
| 264 |
|
1 |
|a [Washington, D.C.?] :
|b The Service,
|c 1982.
|
| 300 |
|
|
|a 1 map :
|b color ;
|c 55 x 22 cm., folded to 10 x 22 cm.
|
| 336 |
|
|
|a cartographic image
|b cri
|2 rdacontent
|
| 337 |
|
|
|a unmediated
|b n
|2 rdamedia
|
| 338 |
|
|
|a sheet
|b nb
|2 rdacarrier
|
| 500 |
|
|
|a Variant title: Chattahoochee River.
|
| 500 |
|
|
|a Northern orientation to upper left.
|
| 500 |
|
|
|a On verso: text, location map and ill.
|
| 500 |
|
|
|a Cartographic material.
|
| 651 |
|
0 |
|a Chattahoochee River National Recreation Area (Ga.)
|x Maps.
|
| 740 |
0 |
|
|a Chattahoochee River.
|
| 999 |
|
|
|a MARS
|
| 999 |
f |
f |
|s 9aee9ed9-fd26-3c59-af7f-646623d0e03c
|i 319a2217-181f-3aed-9d08-20a2d94d4b2f
|t 0
|
| 952 |
f |
f |
|p normal
|a Texas A&M University
|b College Station
|c Sterling C. Evans Library
|d Evans: Maps (2nd floor)
|t 0
|h No information provided
|i unmediated -- sheet
|
| 998 |
f |
f |
|t 0
|l Evans: Maps (2nd floor)
|